| 000 | 00661nam a2200169 a 4500 | ||
|---|---|---|---|
| 001 | 000037452 | ||
| 005 | 20200930080358.0 | ||
| 008 | 120418s1997 dr a 000 0 spa d | ||
| 040 |
_aDO-SdBNP _bspa _cBNPHU |
||
| 245 | 0 | 3 | _aLa técnica del ensilaje como alternativa de alimentación del ganado para los productores el caso de Azua y Baní. |
| 260 |
_aSanto Domingo : _bJAD, _c1997. |
||
| 300 |
_a32 p. : _bil. ; _c20 cm. |
||
| 490 | 1 |
_aDocumentos técnicos _v1 |
|
| 500 | _aProyecto de Apoyo a la Productividad y la Competitividad Agropecuaria (PROAGRO). | ||
| 710 | 2 | 2 |
_aJunta Agroempresarial Dominicana, (JAD) _963903 |
| 830 | 0 |
_aDocumentos técnicos ; _v1 _915124 |
|
| 999 |
_c36942 _d36942 |
||